Svařování I /
Gespeichert in:
| Hauptverfasser: | , |
|---|---|
| Format: | Buch |
| Sprache: | Tschechisch |
| Veröffentlicht: |
Ostrava
VŠB TU
2009
|
| Ausgabe: | 1. vyd. |
| Schlagworte: | |
| Tags: |
Keine Tags, Fügen Sie das erste Tag hinzu!
|
MARC
| LEADER | 00000nam a22000003a 4500 | ||
|---|---|---|---|
| 001 | 0091830 | ||
| 003 | SK-STU | ||
| 005 | 20211129110005.0 | ||
| 007 | ta | ||
| 008 | 211129s ----xo-----e------000-0-----d | ||
| 020 | |a 978-80-248-0870-3 | ||
| 040 | |a STU |b slo | ||
| 041 | 0 | |a cze | |
| 044 | |a xr | ||
| 100 | 1 | |a Koukal, Jaroslav |4 aut | |
| 245 | 1 | 0 | |a Svařování I / |c aut. Jaroslav Koukal, Tomáš Zmydlený |
| 250 | |a 1. vyd. | ||
| 260 | |a Ostrava |b VŠB TU |c 2009 | ||
| 300 | |a 136 s. | ||
| 650 | 0 | 7 | |a zváranie |
| 700 | 1 | |a Zmydlený, Tomáš |4 aut | |
| 996 | |b 284M088933 |c M* S-1734-1 |l MMKN |s A |a 24 |w 0091830_0001 | ||
| 996 | |b 284M088934 |c M* S-1734-2 |l MMKN |s A |a 24 |w 0091830_0002 | ||